000
00210nam a22000857a 4500
008
161111b xxu||||| |||| 00| 0 eng d
100
_9
1129
_a
Chopra R. k
245
_a
Art education
260
_a
New Delhi
_b
NCERT
_c
1987
999
_c
3790
_d
3790